Statistics for Disney Characters beginning with the letter L

Click here to take the quiz!

General Stats

  • This quiz has been taken 12 times
  • The average score is 5 of 16

Answer Stats

Answer % Correct
Lady
70%
Lumiere
70%
Lady Tremaine
50%
Lucifer
50%
Lampwick
40%
Le fou
40%
Li Shang
30%
Little John
30%
Louie
30%
Laverne
20%
Lewis
20%
Lilo Pelekai
20%
Ling
20%
Lizzie
20%
Lachesis
10%
Louis the alligator
10%

Score Distribution

Percentile by Number Answered

Percent of People with Each Score

Your Score History

You have not taken this quiz